00873nam a22002537i 4500003000900000005001700009008004100026040004300067041000800110082002300118100003100141245007600172264003800248300002900286336002200315337002400337338003300361504005000394546002000444650004000464650004800504651001000552856005700562EG-GICUC20260121101659.0260107s1906 uk ||||fr|||| 001 0 eng d aEG-GiCUCbengcEG-GiCUCdEG-GiCUCerda aeng04221a341.33bHE . D1 aHershey, Amos S.,eAuthor.10aDiplomacy And The Study Of International Relations /cBy D. P. Heatley. 1aOxford :bClarendon Press,c1919. axvi, 292 pages ;c24 cm. 2rda contentatext 2rda mediaaComputer 2rda carrieraOnline Resource aIncludes bibliographical references and index aText in English14aDiplomacyxPublic international law14aInternational relationsxStudy and teaching1 2qrmak40uhttps://fll.law.cu.edu.eg/fulltext/bks/B11-06839.pdf